00669nam a2200205Ia 4500003000900000008004100009020001800050040001600068080001400084100003000098245006400128260003900192300001300231650003000244650002800274650004900302942000700351999001500358952009000373IN-BaIIA211028s9999 xx 000 0 eng d a0-486-20918-0 cIIA Library a52bWEB-2 aWebb,Thomas William97966 0aCelestial objects for common telescopesbvol. 2cT. W. Webb aNew YorkbDover Publicationsc1962 ax, 359p. a Catalogue-Stars 97967 a Star-Catalouges97968 aAstronomy and Astrophysics Thesaurus 91143 cBK c4532d4532 00104070aBANbKODcGENd1974-10-09l0o52/ WEB-2p5058r2021-11-05w1974-10-09yBK